000 00458nam a22001697a 4500
003 OSt
005 20221021173829.0
008 221021b |||||||| |||| 00| 0 spa d
020 _a9568233008
040 _abumc
_cbumc
082 _220
_a741.5983
110 _4The Clinic
245 _aEl libro The clinic
_bFirme junto al pueblo
650 _aSátira política chilena
_9121
_zChile
650 _9121
_aHumorismo gráfico chileno
_zChile
942 _2ddc
_cLIBRO
999 _c17221
_d17221